Трагедии; Просительницы; Персы; Семеро против Фив; Прометей прикованный; Орестея; Агамемнон; Жертва у гроба; Эвмениды
| المؤلف الرئيسي: | |
|---|---|
| مؤلفون آخرون: | |
| اللغة: | الروسية |
| منشور في: |
Москва, Наука, 1989
|
| TOC: | Просительницы; Персы; Семеро против Фив; Прометей прикованный; Орестея; Агамемнон; Жертва у гроба; Эвмениды; |
| سلاسل: | Литературные памятники |
| الموضوعات: | |
| التنسيق: | كتاب |
| KOHA link: | https://koha.lib.tpu.ru/cgi-bin/koha/opac-detail.pl?biblionumber=144689 |
MARC
| LEADER | 00000nam0a2200000 4500 | ||
|---|---|---|---|
| 001 | 144689 | ||
| 005 | 20231031143757.0 | ||
| 010 | |a 5020126888 | ||
| 020 | |a RU |b 91-1751 | ||
| 035 | |a (RuTPU)RU\TPU\book\156811 | ||
| 035 | |a RU\TPU\book\121447 | ||
| 090 | |a 144689 | ||
| 100 | |a 20081007d1989 m y0rusy5003 ca | ||
| 101 | 1 | |a rus |c gre | |
| 102 | |a RU | ||
| 105 | |a a z 000by | ||
| 200 | 1 | |a Трагедии |f Эсхил |g пер. В. Иванов | |
| 210 | |a Москва |c Наука |d 1989 | ||
| 215 | |a 591 с. |c ил. |d 24 см | ||
| 225 | 1 | |a Литературные памятники | |
| 464 | |t Просительницы | ||
| 464 | |t Персы | ||
| 464 | |t Семеро против Фив | ||
| 464 | |t Прометей прикованный | ||
| 464 | |t Орестея | ||
| 464 | |t Агамемнон | ||
| 464 | |t Жертва у гроба | ||
| 464 | |t Эвмениды | ||
| 600 | 0 | |a Эсхил |c древнегреческий поэт-драматург |f 525-456 гг. до н.э. |2 stltpush |3 (RuTPU)RU\TPU\pers\4394 | |
| 610 | 1 | |a древнегреческая литература | |
| 610 | 1 | |a драмы | |
| 610 | 1 | |a трагедии | |
| 675 | |a 875 |z rus | ||
| 700 | 0 | |a Эсхил |c древнегреческий поэт-драматург |f 525-456 гг. до н.э. |2 stltpush |3 (RuTPU)RU\TPU\pers\4394 | |
| 702 | 1 | |a Иванов |b В. |g Вячеслав |4 730 | |
| 801 | 0 | |a RU |b RuMRKP |c 19950417 |g psbo | |
| 801 | 1 | |a RU |b 63413507 |c 20070327 |g PSBO | |
| 801 | 2 | |a RU |b 63413507 |c 20081007 |g PSBO | |
| 942 | |c BK | ||